| 000 | 01030cad a22001935a 4500 | ||
|---|---|---|---|
| 001 | L154311 | ||
| 008 | 111111s2011 xxk 000 0 eng d | ||
| 035 | _a(Sirsi) u154311 | ||
| 041 | 0 | _aeng | |
| 110 | 2 |
_aExercise watermark review team _h[electronic resource] |
|
| 245 | 0 | 0 |
_aExercise watermark _h[electronic resource] |
| 260 |
_aLondon _bDEFRA _c2011 |
||
| 520 | 0 | 0 | _aIndependent report shows that the emergency services in England and Wales are well prepared to respond to major flooding with 10 000 people taking part in the exercise desighed to test the country's response to floods. Indentifies 11 key recommendations and a further 25 actions that could further improve flood response and emergency arrangements. |
| 590 | _aKA NTK | ||
| 651 | 4 |
_aEngland and Wales _y1543- |
|
| 690 | _aENVIRONMENTAL AND LAND CONSULTANCY-WATER RESOURCE MANAGEMENT-FLOODING | ||
| 856 | 4 | 0 |
_uhttps://www.defra.gov.uk/publications/files/pb13673-exercise-watermark-finalreport.pdf _zView the item free of charge at www.defra.gov.uk |
| 942 | _n0 | ||
| 999 |
_c83570 _d83570 |
||